000 00703nam a22001937a 4500
005 20161205142442.0
008 130821s2000 xxua gr eng
020 _a0683304763
040 _aCO-BoUCM
_bspa
_cJose A. Gerena (modificó)
_d[Nuevo]
041 0 0 _aeng
060 _aWG 168
245 0 0 _aCardiopulmonary bypass principles and practice
_ceditado por Glenn P. Gravlee...[et al.]
250 _a2a ed
260 _aFiladelfia (Pensilvania, Estados Unidos)
_bLippincott Williams & Wilkins
_cc2000
300 _axvi, 768 páginas
_bilustraciones
650 0 4 _aCardiopulmonar
_xPrevención y control
_910502
700 1 _aGravlle, Glenn P.
_982526
942 _cLIBRO
_a15
_e2
_mC266
_2NLM
_hWG 168
999 _c89836
_d89836